La gestión ambiental en Colombia, 1994-2014 : (Registro nro. 19162)

Detalles MARC
000 -CABECERA
Campo de control 01124nam a2200265 a 4500
005 - FECHA Y HORA DE LA ULTIMA TRANSACCION
Campo de control 20170120020001.0
008 - ELEMENTOS DE LONGITUD FIJA—INFORMACION GENERAL
Campo de control 160411s2015 ck d gr 00010 spa d
020 ## - ISBN
ISBN 9789588677262
040 ## - FUENTE DE CATALOGACIÓN
Agencia catalogadora original CO-BoBLA
Agencia transcriptora CO-BoBLA
Agencia Modificadora CO-BoIAVH
041 0# - IDIOMA
Código de idioma para texto/pista de sonido o título separado Español
044 ## - PAÍS DE PUBLICACIÓN
País de publicación Colombia
082 04 - NUMERO DE CLASIFICACION DECIMAL DEWEY
Número de clasificación 333.7068
Número del ítem G84g
100 1# - ASIENTO PRINCIPAL--NOMBRE PERSONAL
Nombre personal Guhl Nannetti, Ernesto
Término relacionado autor
9 (RLIN) 6504
245 13 - MENCION DE TITULO
Título La gestión ambiental en Colombia, 1994-2014 :
Parte restante del título ¿un esfuerzo insostenible? /
Mención de responsabilidad Ernesto Guhl Nannetti, y Pablo Leyva.
250 ## - MENCION DE EDICION
Mención de edición Primera edición
260 ## - PUBLICACION, DISTRIBUCION, ETC. (PIE DE IMPRENTA)
Lugar de publicación, distribución, etc. Bogotá, Colombia :
Nombre del editor, distribuidor, etc. Friedrich Ebert Stiftung :
-- FNA. Foro Nacional Ambiental :
-- Quinaxi,
Fecha de publicación, distribución, etc. 2015.
300 ## - DESCRIPCION FISICA
Extensión 223 páginas :
Otros detalles físicos gráficos y tablas ;
Dimensiones 24 x 17 cm.
504 ## - NOTA DE BIBLIOGRAFIA, ETC.
Nota de bibliografía Incluye referencias bibliográficas: páginas 214-223
650 26 - ASIENTO SECUNDARIO DE MATERIA - TERMINO TEMATICO
Término temático o nombre geográfico como elemento de entrada Gestión ambiental
Subdivisión general política
Subdivisión geográfica Colombia
Subdivisión cronológica 1994-2014
9 (RLIN) 77666
650 26 - ASIENTO SECUNDARIO DE MATERIA - TERMINO TEMATICO
Término temático o nombre geográfico como elemento de entrada Protección ambiental
Subdivisión geográfica Colombia
Subdivisión cronológica 1994-2014
9 (RLIN) 77667
650 26 - ASIENTO SECUNDARIO DE MATERIA - TERMINO TEMATICO
Término temático o nombre geográfico como elemento de entrada Conservación de la naturaleza
Subdivisión geográfica Colombia
Subdivisión cronológica 1994-2014
9 (RLIN) 77668
650 26 - ASIENTO SECUNDARIO DE MATERIA - TERMINO TEMATICO
Término temático o nombre geográfico como elemento de entrada Instituciones de investigación
Subdivisión geográfica Colombia
Subdivisión cronológica 1994-2014
9 (RLIN) 77669
700 1# - ASIENTO SECUNDARIO - NOMBRE PERSONAL
Nombre personal Leyva, Pablo
Término de relación autor
9 (RLIN) 3641
942 ## - ELEMENTOS ADICIONALES (KOHA)
Sistema de clasificación Dewey Decimal Classification
Tipo de ítem Libro
Koha issues (borrowed), all copies 1
Existencias
Withdrawn status Lost status Sistema de Clasificación Damaged status No para préstamo Colección Ubicación Permanente Ubicación actual Fecha de adquisición Total Checkouts Número topográfico Inventario / Código de Barras Checked out Date last seen Date checked out Ejemplar Price effective from Forma de adquisición Tipo de material
    Dewey Decimal Classification     General Bogotá Bogotá 01/12/2016 1 LB-333.7068 G84g 040851 09/02/2017 19/01/2017 19/01/2017 Ej. 1 01/12/2016 Donación Libro